Boletín de antropología americana
| Título anterior: | Boletín bibliográfico de antropología americana |
|---|---|
| Autor Corporativo: | |
| Formato: | Electrónico Seriadas |
| Lenguaje: | español inglés portugués |
| Publicado: |
[México] :
Instituto Panamericano de Geografía e Historia
|
| Materias: | |
| Acceso en línea: | Full text available from PRISMA Database with HAPI Index: 07/01/1998 to 12/31/2000 Full text available from PRISMA Database with HAPI Index: 01/01/2002 to 01/31/2011 |
MARC
| LEADER | 00000nas a2200000 a 4500 | ||
|---|---|---|---|
| 001 | ssj0013011 | ||
| 003 | WaSeSS | ||
| 005 | 20200512172242.0 | ||
| 006 | m d | ||
| 007 | cr n | ||
| 008 | 100318c19809999mx ar s o i0 0spa c | ||
| 010 | |a 2011235760 | ||
| 022 | |l 0252-841X |y 0252-841X | ||
| 035 | |a (WaSeSS)ssj0013011 | ||
| 040 | |a OCLCE |b eng |c OCLCE |d OCLCQ |d EYM |d HUL |d OCLCQ |d OCLCO |d OCLCS |d TXJ |d TXU |d TXA |d OCLCF |d OCLCO |d OCLCQ |d VT2 |d UAB |d Z5A |d WT2 |d U3W |d WaSeSS | ||
| 041 | 0 | |a spa |a eng |a por | |
| 042 | |a dlr |a pcc | ||
| 043 | |a n------ |a s------ | ||
| 050 | 4 | |a E51 |b .B59 | |
| 082 | 0 | 4 | |a 980/.005 |
| 245 | 0 | 0 | |a Boletín de antropología americana |h [electronic resource]. |
| 260 | |a [México] : |b Instituto Panamericano de Geografía e Historia | ||
| 310 | |a Annual, |b 2002- | ||
| 321 | |a Semiannual, |b <1980>-2001 | ||
| 362 | 1 | |a Began with 1 (jun. 1980). | |
| 506 | |a License restrictions may limit access. | ||
| 538 | |a Master and use copy. Digital master created according to Benchmark for Faithful Digital Reproductions of Monographs and Serials, Version 1. Digital Library Federation, December 2002. |u http://purl.oclc.org/DLF/benchrepro0212 |5 MiAaHDL | ||
| 546 | |a English, Portuguese or Spanish. | ||
| 583 | 1 | |a digitized |c 2010 |h HathiTrust Digital Library |l committed to preserve |2 pda |5 MiAaHDL | |
| 588 | |a Description based on: 2 (diciembre 1980); title from PDF cover (JSTOR, viewed July 22, 2011). | ||
| 588 | |a Latest issue consulted: 41 (enero-diciembre 2005) (JSTOR, viewed July 22, 2011). | ||
| 650 | 0 | |a Indians |v Periodicals. | |
| 650 | 0 | |a Ethnology |v Periodicals. | |
| 650 | 7 | |a Ethnology. |2 fast |0 (OCoLC)fst00916106 | |
| 650 | 7 | |a Indians. |2 fast |0 (OCoLC)fst00969307 | |
| 650 | 1 | 7 | |a Culturele antropologie. |2 gtt |
| 650 | 7 | |a INDIOS |x PUBLICACIONES PERIODICAS. |2 renib | |
| 650 | 7 | |a ETNOLOGIA |x PUBLICACIONES PERIODICAS. |2 renib | |
| 655 | 0 | |a Electronic journals. | |
| 710 | 2 | |a Pan American Institute of Geography and History. | |
| 776 | 0 | 8 | |i Print version: |t Boletín de antropología americana |x 0252-841X |w (DLC) 80649777 |w (OCoLC)7115170 |
| 780 | 0 | 0 | |t Boletín bibliográfico de antropología americana |w (DLC) 2011235761 |w (OCoLC)606866076 |
| 856 | 4 | 0 | |z Full text available from PRISMA Database with HAPI Index: 07/01/1998 to 12/31/2000 |u https://search.proquest.com/publication/13213 |
| 856 | 4 | 0 | |z Full text available from PRISMA Database with HAPI Index: 01/01/2002 to 01/31/2011 |u https://search.proquest.com/publication/13213 |